000 00867cam0 22002771ib4500
001 BY-MI0011-br20122
005 20250226131937.0
035 ^a(BY-MI0011)BY-MI0011-br20122
100 ^a20161115d1973 y0rusy50 ca
101 0 ^arus
102 ^aRU
105 ^aa z 000yy
200 1 ^aНикитка и его друзья
^fЕ.И.Чарушин
210 ^aМ.
^cДет. лит.
^d1973
215 ^a16 с.
225 0 ^aМои первые книжки .
610 0 ^aДЕТСКАЯ ЛИТЕРАТУРА
610 0 ^aДЗIЦЯЧАЯ ЛIТАРАТУРА
686 ^aД
^v2
^2rubbk
690 ^a1
^2Base
^9BY-MI0011
^xRSEK
700 1 ^aЧарушин
^bЕ. И.
801 0 ^aBY
^bBY-MI0011
^c20161115
^gpsbo
801 2 ^aBY
^bBY-MI0011
^c20250217
^gpsbo
899 ^aBY-MI0011
^hД
^iЧ 23